| 000 | 00738nam a2200265Ia 4500 | ||
|---|---|---|---|
| 008 | 170203s9999 xx 000 0 und d | ||
| 020 | _a0-744557518 | ||
| 050 | _aFic | ||
| 050 | _bC867m | ||
| 100 | _aCousins, Lucy. | ||
| 245 | _aMaisy's twinkly crinkly counting book / | ||
| 245 | _cLucy Cousins. | ||
| 260 | _aLondon : | ||
| 260 | _bWalker, | ||
| 260 | _c2004 | ||
| 300 | _a8 unnumbered pages : | ||
| 300 | _bchiefly color illustrations ; | ||
| 300 | _c24 cm | ||
| 650 | _aCounting -- | ||
| 650 | _aMaisy (Fictitious character : Cousins) -- | ||
| 650 | _aTextured books -- | ||
| 650 | _xPictorial works -- Juvenile literature. | ||
| 650 | _xPictorial works -- Juvenile literature. | ||
| 650 | _xSpecimens. | ||
| 999 |
_c306529 _d306529 |
||